000 00471nam a2200169 i 4500
001 77181
003 ES-MaACL
005 20230906173116.0
007 t|
008 041007s1920 xxu ||||1| eng d
100 1 _aHale, William Bayard (
_d1869-1924)
_961588
245 1 4 _aThe story of a style /
_cWilliam Bayard Hale.
260 _aNew York :
_bB. W. Huebsch,
_c1920.
300 _a304 p. ;
_c19 cm.
600 0 4 _aWilson, Woodrow.
_9117049
852 _aES-MaACL
_jF-7687
999 _c77181
_d77181